[Event "64th Otwarte Open A"]
[Site "Warsaw POL"]
[Date "2011.05.10"]
[Round "4.11"]
[White "Eggink,M"]
[Black "Zurkowski,A"]
[Result "0-1"]
[WhiteElo "1973"]
[BlackElo "2106"]

1.e4 d5 2.exd5 Qxd5 3.Nc3 Qd6 4.d4 Nf6 5.g3 c6 6.Bg2 Bg4 7.Qd3 e6 8.Nge2 Be7
9.Bf4 Qd8 10.O-O O-O 11.Rad1 Nbd7 12.h3 Bf5 13.Qd2 Nb6 14.g4 Bg6 15.Ng3 h5
16.Qe2 hxg4 17.hxg4 Nfd5 18.Nxd5 Nxd5 19.Bxd5 exd5 20.c3 Qd7 21.Rde1 Rae8
22.f3 c5 23.Qd2 cxd4 24.Qxd4 Qc6 25.Kg2 Bf6 26.Qd2 a5 27.Rh1 a4 28.Nh5 Bxh5
29.Rxh5 Rxe1 30.Qxe1 Re8 31.Qf1 g6 32.Rh2 a3 33.bxa3 Qxc3 34.Qb5 Qe1 35.g5 Re2+
36.Kh3 Qf1+ 37.Kg3 Rg2+ 38.Rxg2 Qxb5 39.gxf6 d4 40.Rc2 g5 41.Bd6 d3 42.Rc8+ Kh7
43.Bb4 Qe5+ 44.Kg2 Qe2+ 45.Kg3 d2  0-1

[Event "41st Bosna Open"]
[Site "Sarajevo BIH"]
[Date "2011.05.11"]
[Round "8.12"]
[White "Abergel,T"]
[Black "Milanovic,Da"]
[Result "1/2-1/2"]
[WhiteElo "2506"]
[BlackElo "2494"]

1.e4 d5 2.exd5 Qxd5 3.Nc3 Qd6 4.d4 Nf6 5.Nf3 g6 6.Bc4 Bg7 7.Ne5 O-O 8.O-O Nc6
9.Nb5 Qd8 10.h3 Ne8 11.Bg5 Nd6 12.Nxc6 bxc6 13.Nxd6 cxd6 14.Re1 Re8 15.c3 Qc7
16.Qf3 d5 17.Bd3 f6 18.Be3 e5 19.dxe5 fxe5 20.Bc5 Rb8 21.Rab1 e4 22.Qe3 Bd7
23.Bf1 a5 24.b3 Be5 25.a4 Bf4 26.Qe2 Ra8 27.Qa2 Qe5 28.Bd4 Qg5 29.Be3 Bxe3
30.Rxe3 c5 31.Rd1 Kg7 32.Qa3 Rac8 33.Bb5 Qf5 34.Qb2 Rcd8 35.b4 Bxb5 36.axb5 axb4
37.cxb4+ d4 38.bxc5 Qxc5 39.b6 Kh6 40.Rb3 e3 41.b7 d3 42.b8=Q exf2+ 43.Qxf2 Qxf2+  1/2-1/2

[Event "46th Capablanca Memorial Open B"]
[Site "Havana CUB"]
[Date "2011.05.12"]
[Round "2.34"]
[White "Hernandez Copin,E"]
[Black "Marzo Arias,V"]
[Result "1/2-1/2"]
[WhiteElo "2244"]
[BlackElo "2183"]

1.e4 d5 2.exd5 Qxd5 3.Nc3 Qd6 4.d4 Nf6 5.Bc4 a6 6.Bb3 Bg4 7.f3 Bf5 8.Nge2 Nc6
9.Be3 e6 10.Qd2 O-O-O 11.a3 Be7 12.O-O-O h6 13.Ng3 Bg6 14.Nge4 Qd7 15.Qf2 Nd5
16.Ne2 Na5 17.Ba2 Qc6 18.Nf4 Bh7 19.Nd3 f6 20.Rhe1 Nc4 21.Bd2 Ndb6 22.Bb4 Rhe8
23.Bxe7 Rxe7 24.Nb4 Qb5 25.Nd2 a5 26.Nxc4 Nxc4 27.Qe2 Qg5+ 28.Kb1 Nxa3+ 29.bxa3 axb4
30.Bxe6+ Kb8 31.axb4  1/2-1/2

[Event "64th Otwarte Open A"]
[Site "Warsaw POL"]
[Date "2011.05.12"]
[Round "6.5"]
[White "Kukawski,M"]
[Black "Olejarczyk,B"]
[Result "1-0"]
[WhiteElo "2328"]
[BlackElo "2120"]

1.e4 d5 2.exd5 Qxd5 3.Nc3 Qd6 4.d4 Nf6 5.Nf3 c6 6.Ne5 Nbd7 7.Nc4 Qc7 8.a4 Nb6
9.Ne5 Bf5 10.g4 Be6 11.Bg2 Nfd5 12.O-O g6 13.h3 Bg7 14.Ne2 Nd7 15.Nd3 N5f6
16.Nef4 Bc4 17.b3 Bxd3 18.Nxd3 O-O 19.Bb2 Rad8 20.c4 Rfe8 21.Qf3 h5 22.Rfe1 hxg4
23.hxg4 Nh7 24.Qe3 Qd6 25.Rad1 Nb8 26.Nc5 Qc7 27.Ba1 a5 28.Qg3 Qb6 29.f4 Qc7
30.Qf2 Nf6 31.Qf3 Qc8 32.Bh3 Qc7 33.Nd3 Qb6 34.Ne5 Nbd7 35.g5 Nxe5 36.fxe5 Nh7
37.Qg3 e6 38.Kh1 Rd7 39.Bb2 Red8 40.Rf1 Qb4 41.Rd3 b5 42.axb5 cxb5 43.c5 a4
44.Bc3 Qxb3 45.c6 b4 46.Bd2 Qd5+ 47.Bg2 Bxe5 48.Bxd5 Rxd5 49.dxe5  1-0

[Event "ch-Catalan KO"]
[Site "Sabadell ESP"]
[Date "2011.05.14"]
[Round "1.1"]
[White "Marin Benito,C"]
[Black "Alsina Leal,D"]
[Result "0-1"]
[WhiteElo "1860"]
[BlackElo "2545"]

1.e4 d5 2.exd5 Qxd5 3.Nc3 Qd6 4.d4 Nf6 5.h3 a6 6.a4 Nc6 7.Nf3 g6 8.Bc4 Bg7
9.O-O O-O 10.Re1 b6 11.Ne2 Nd5 12.c3 Bb7 13.Ng3 Rfe8 14.Ne4 Qd7 15.Qc2 e5
16.dxe5 Nxe5 17.Nxe5 Rxe5 18.Bh6 Rxe4 19.Qxe4 Bxh6 20.Rad1 c6 21.Qh4 Bf8
22.Bb3 b5 23.Rd2 Re8 24.Red1 Qc7 25.c4 bxc4 26.Qxc4 Qb6 27.Qc2 a5 28.Bc4 Re6
29.Qb3 Bb4 30.Rc2 Rf6 31.Qg3 Kg7 32.Rf1 Bc5 33.Kh1 Bd4 34.b3 Nf4 35.f3 c5
36.Qe1 Qc7 37.Qd1 Nh5 38.Re1 Ng3+  0-1

[Event "4th Marko Jaric Mem"]
[Site "Stari Mikanovci CRO"]
[Date "2011.05.14"]
[Round "1"]
[White "Rogic,D"]
[Black "Stevic,H"]
[Result "1/2-1/2"]
[WhiteElo "2581"]
[BlackElo "2623"]

1.e4 d5 2.exd5 Qxd5 3.Nc3 Qd6 4.d4 Nf6 5.Nf3 g6 6.g3 Bg7 7.Bg2 Qa6 8.Bf4 c6
9.Qd2 O-O 10.a4 Bf5 11.Nh4 Be6 12.b3 Rd8 13.Bc7 Rd7 14.Bf1 b5 15.Be5 Qb6
16.axb5 Ne4 17.Nxe4 Bxe5 18.c3 Bd5 19.Bg2 cxb5 20.O-O Qc6 21.Qe3 Bg7 22.Nc5 Bxg2
23.Nxg2 Rc7 24.b4 e6 25.Nf4 Nd7 26.Ra6 Nb6 27.Rfa1 Qe8 28.Nfd3 Nd5 29.Qd2 Qe7
30.R1a5 Rb8 31.Qb2 e5 32.dxe5 Bxe5 33.Nxe5 Qxe5 34.Rxa7 Nxc3 35.Qd2 Rxa7
36.Rxa7 Ne2+ 37.Kg2 Nd4 38.Rd7 Nc6 39.Rd5 Qe7 40.Qc3 Re8 41.h4 h5 42.Rd3 Qe5
43.Qd2 Qe1 44.Qxe1 Rxe1 45.Rd6 Nxb4 46.Rb6 Re5 47.Rxb5 Nc6 48.Kg1 Kh7 49.Kg2 Kh6
50.Kg1 f5 51.Kf1 g5 52.f4  1/2-1/2

[Event "4th Marko Jaric Mem"]
[Site "Stari Mikanovci CRO"]
[Date "2011.05.14"]
[Round "5"]
[White "Zelcic,R"]
[Black "Stevic,H"]
[Result "1/2-1/2"]
[WhiteElo "2557"]
[BlackElo "2623"]

1.e4 d5 2.exd5 Qxd5 3.Nc3 Qd6 4.d4 Nf6 5.Nf3 g6 6.Bc4 Bg7 7.O-O O-O 8.h3 a6
9.a4 Nc6 10.b3 Ne8 11.Ba3 Qd8 12.Re1 Nd6 13.Bf1 Nf5 14.Ne2 Re8 15.Bb2 b6
16.Qd2 Bb7 17.Rad1 a5 18.c3 e6 19.Qc2 Qf6 20.Nc1 Nh4 21.Nxh4 Qxh4 22.Nd3 e5
23.d5 e4 24.dxc6 exd3 25.Bxd3 Bxc6 26.Bb5 Rxe1+ 27.Rxe1 Bb7 28.Bf1 Qf6 29.Ba1 Qg5
30.c4 Bxa1 31.Rxa1 Rd8 32.Rd1 Rxd1 33.Qxd1 Kg7 34.Qd4+ Qf6 35.Qe3 c5  1/2-1/2

[Event "TCh-HUN 2010-11"]
[Site "Decs HUN"]
[Date "2011.05.15"]
[Round "11"]
[White "Okhotnik,V"]
[Black "Sedlak,N"]
[Result "0-1"]
[WhiteElo "2437"]
[BlackElo "2550"]

1.e4 d5 2.exd5 Qxd5 3.Nc3 Qd6 4.d4 Nf6 5.Nf3 g6 6.Ne5 Bg7 7.Bc4 O-O 8.O-O Nc6
9.Nxc6 Qxc6 10.Qe2 a6 11.d5 Qd6 12.h3 b5 13.Bb3 c5 14.dxc6 Qxc6 15.Rd1 e6
16.Qf3 Qxf3 17.gxf3 Bb7 18.Kg2 Rfc8 19.Be3 Bc6 20.a4 b4 21.Ne2 Bd5 22.Rac1 Bxb3
23.cxb3 Nd5 24.Bd4 Bxd4 25.Rxd4 Rxc1 26.Nxc1 a5 27.Nd3 Kg7 28.f4 Kf6 29.Kf3 h6
30.Rc4 g5 31.fxg5+ hxg5 32.h4 gxh4 33.Rxh4 Ne7 34.Rd4 Rc8 35.Ke2 Nf5 36.Rd7 e5
37.Kd1 e4 38.Nf4 Ke5 39.Ne2 f6 40.Ra7 Rc5 41.Ra8 Ng7 42.Ng3 f5 43.Nf1 Kf4
44.Nd2 Ne6 45.Rh8 Rd5 46.Rh4+ Kg5 47.Rh7 f4 48.Ke1 Nc5 49.Re7 Kf6 50.Re8 Kf7
51.Rc8 f3 52.Nf1 Nxb3 53.Rc4 Nc5 54.Ne3 Nd3+ 55.Kf1 Rh5 56.Kg1 Nf4 57.Rc7+ Ke6
58.Rg7  0-1

[Event "64th Otwarte Open A"]
[Site "Warsaw POL"]
[Date "2011.05.15"]
[Round "9.7"]
[White "Malec,S"]
[Black "Eggink,R"]
[Result "1-0"]
[WhiteElo "2167"]
[BlackElo "1905"]

1.e4 d5 2.exd5 Qxd5 3.Nc3 Qd6 4.d4 Nf6 5.Nf3 c6 6.Bc4 Bg4 7.Be3 e6 8.Qe2 Nbd7
9.h3 Bxf3 10.Qxf3 Nd5 11.Nxd5 cxd5 12.Bb3 Qb4+ 13.c3 Qb5 14.Qd1 Qc6 15.O-O Nf6
16.Rc1 Bd6 17.c4 dxc4 18.Bxc4 Qd7 19.Bg5 Be7 20.Bxf6 Bxf6 21.d5 e5 22.d6 O-O
23.Qd5 a6 24.Be2 Rfd8 25.Rfd1 g6 26.Rc7 Qxc7 27.dxc7 Rxd5 28.Rxd5 h5 29.Bf3 Rc8
30.Rd7 e4 31.Bxe4  1-0

[Event "FSIM May"]
[Site "Budapest HUN"]
[Date "2011.05.16"]
[Round "9.4"]
[White "Tesik,C"]
[Black "To,N"]
[Result "1-0"]
[WhiteElo "2299"]
[BlackElo "2340"]

1.e4 d5 2.exd5 Qxd5 3.Nc3 Qd8 4.Nf3 Nf6 5.Bc4 Bf5 6.Ne5 e6 7.Qf3 Qd4 8.Qxb7 Qxe5+
9.Be2 c6 10.d4 Qa5 11.Bf4 Bb4 12.O-O O-O 13.Bc7 Nbd7 14.Bxa5 Bxa5 15.Qxc6 Rfc8
16.Qa6  1-0

[Event "ch-Euro Indiv Women"]
[Site "Tbilisi GEO"]
[Date "2011.05.16"]
[Round "9"]
[White "Milliet,S"]
[Black "Tereladze,S"]
[Result "0-1"]
[WhiteElo "2388"]
[BlackElo "2177"]

1.e4 d5 2.exd5 Qxd5 3.Nc3 Qd6 4.d4 Nf6 5.Nf3 Bg4 6.h3 Bxf3 7.Qxf3 Nc6 8.Be3 e6
9.O-O-O Be7 10.g4 Nd5 11.Nxd5 Qxd5 12.Qxd5 exd5 13.Bg2 O-O-O 14.c3 Bh4 15.Kc2 Rhe8
16.Rhe1 Rd7 17.Rd2 Nd8 18.Rde2 Ne6 19.Bd2 Rde7 20.Kd1 c6 21.Rf1 Ng5 22.Rxe7 Rxe7
23.Re1 Ne4 24.Bxe4 dxe4 25.Ke2 Kd7 26.Bf4 h6 27.Rd1 Ke6 28.Ke3 f5 29.c4 Rd7
30.f3 exf3 31.Kxf3 Bf6 32.Be3 g5 33.b3 f4 34.Bf2 b5 35.cxb5 cxb5 36.Ke4 Rc7
37.d5+ Kd6 38.Kf5 Bd8 39.Bd4 Rc2 40.Be5+ Kd7 41.a4 bxa4 42.bxa4 Ra2 43.Rb1 Bb6
44.Bg7 Rxa4 45.Bxh6 f3 46.Bxg5 f2 47.Rf1 Ra3 48.Bf4 Rxh3 49.g5 Rh8 50.Be5 Rf8+
51.Bf6 Kd6 52.Rd1 Re8 53.Bc3 a5 54.Rf1 Kxd5 55.g6 Kc4 56.Be5 Kd3 57.Bg3 Ke2
58.Bxf2 Bxf2 59.Ra1 Be1 60.Ra2+ Kd3 61.Ra3+ Bc3 62.Kg5 Kc4 63.Ra2 Kb3 64.Rf2 a4
65.Rf7 Rb8 66.g7 Rg8 67.Rb7+ Kc2 68.Kh6 Rxg7  0-1

[Event "ch-Euro Indiv Women"]
[Site "Tbilisi GEO"]
[Date "2011.05.16"]
[Round "9"]
[White "Mamedjarova,T"]
[Black "Ushenina,A"]
[Result "0-1"]
[WhiteElo "2322"]
[BlackElo "2468"]

1.e4 d5 2.exd5 Qxd5 3.Nc3 Qd6 4.d4 Nf6 5.Qf3 c6 6.Nge2 Qb4 7.a3 Qb6 8.g3 Bg4
9.Qf4 Nbd7 10.Bg2 e6 11.O-O Be7 12.b3 O-O 13.Bb2 Rac8 14.h3 Bf5 15.Rac1 h6
16.Qe3 Rfe8 17.g4 Bh7 18.Na4 Qc7 19.c4 Qb8 20.Nc5 b6 21.Nxd7 Nxd7 22.b4 Nf6
23.Rfd1 b5 24.cxb5 Qxb5 25.Qe5 Qa4 26.Nc3 Qb3 27.Rd2 Nd5 28.Nxd5 cxd5 29.Rxc8 Rxc8
30.Qe3 Qa2 31.Bf1 Bc2 32.Bc1 Qb1 33.Re2 Bd1 34.Re1 Rxc1 35.Qd2 Bg5 36.f4 Bh4  0-1

[Event "ch-Catalan KO"]
[Site "Sabadell ESP"]
[Date "2011.05.17"]
[Round "2.2"]
[White "Fluvia Poyatos,Joa"]
[Black "Vila Gazquez,X"]
[Result "1-0"]
[WhiteElo "2472"]
[BlackElo "2494"]

1.e4 d5 2.exd5 Qxd5 3.Nc3 Qd6 4.d4 Nf6 5.Nf3 g6 6.Ne5 Bg7 7.Be2 O-O 8.Bf4 Qd8
9.O-O Nc6 10.Nxc6 bxc6 11.Be5 Rb8 12.Na4 Nd5 13.Bxg7 Kxg7 14.Bf3 Qd6 15.b3 Bf5
16.Qd2 Nb6 17.Nc5 Rfd8 18.Rad1 Nd7 19.Nxd7 Bxd7 20.Qa5 Be6 21.c4 Kg8 22.Rfe1 Bf5
23.Re5 Kf8 24.Qe1 Qf6 25.Qa5 Qd6 26.h3 Rbc8 27.Rc5 Bd7 28.d5 Qf4 29.dxc6 Bxc6
30.Qc3 Rxd1+ 31.Bxd1 e5 32.Rxc6 Rd8 33.Be2 Rd2 34.Qf3 Qxf3 35.Bxf3  1-0

[Event "Serbian Cup 2011"]
[Site "Valjevo SRB"]
[Date "2011.05.17"]
[Round "2.4"]
[White "Velimirovic,D"]
[Black "Bogosavljevic,B"]
[Result "0-1"]
[WhiteElo "2410"]
[BlackElo "2550"]

1.e4 d5 2.exd5 Qxd5 3.Nc3 Qd6 4.d4 Nf6 5.Nf3 g6 6.Ne5 Bg7 7.Bf4 Nd5 8.Nxd5 Qxd5
9.Qd2 O-O 10.Bc4 Qe4+ 11.Qe3 Qxe3+ 12.fxe3 Nd7 13.Nxd7 Bxd7 14.O-O-O Rac8
15.Bg5 Rfe8 16.Rhf1 e6 17.e4 b5 18.Bb3 a5 19.a3 Bc6 20.d5 Bd7 21.Bf6 Bh6+
22.Kb1 a4 23.dxe6 Bxe6 24.Bxe6 Rxe6 25.e5 Bf8 26.Rd7 c5 27.Rfd1 b4 28.Rd8 Re8
29.Rxe8 Rxe8 30.Rd8 Rxd8 31.Bxd8 bxa3 32.c4 Bh6 33.Bc7 Be3 34.Bd6 Kg7 35.bxa3 f5
36.e6 g5 37.Kc2 Kf6 38.e7 Kf7 39.Kd3 Bg1 40.Ke2 h5 41.Kf3 h4 42.h3 Bd4 43.g3 hxg3
44.Kxg3 Ke8 45.Kf3 Bf6 46.h4 gxh4 47.Kf4 Bxe7 48.Be5 Kd7  0-1

[Event "Serbian Cup 2011"]
[Site "Valjevo SRB"]
[Date "2011.05.17"]
[Round "2.2"]
[White "Mincic,S"]
[Black "Milanovic,Da"]
[Result "0-1"]
[WhiteElo "2287"]
[BlackElo "2494"]

1.e4 d5 2.exd5 Qxd5 3.Nc3 Qd6 4.d4 Nf6 5.Nf3 c6 6.Ne5 Nbd7 7.Bf4 Nd5 8.Bg3 Nxc3
9.bxc3 Nxe5 10.Bxe5 Qd5 11.c4 Qe4+ 12.Qe2 Bf5 13.Qxe4 Bxe4 14.Kd2 O-O-O 15.c3 f6
16.Bg3 e5 17.Ke3 Bg6 18.c5 exd4+ 19.cxd4 Bxc5 20.dxc5 Rhe8+  0-1

[Event "20th Croatian Cup"]
[Site "Sibenik CRO"]
[Date "2011.05.19"]
[Round "3.31"]
[White "Brkic,A"]
[Black "Kurajica,B"]
[Result "1/2-1/2"]
[WhiteElo "2588"]
[BlackElo "2531"]

1.e4 d5 2.exd5 Qxd5 3.Nc3 Qd6 4.d4 Nf6 5.Nf3 g6 6.Nb5 Qb6 7.c4 c6 8.Nc3 Bg7
9.h3 O-O 10.Bd3 c5 11.d5 e6 12.O-O Rd8 13.Re1 Na6 14.a3 Bd7 15.Bf4 Nc7 16.a4 exd5
17.a5 Qxb2 18.Bxc7 Qxc3 19.Rc1 Qa3 20.Ra1 Qc3 21.Rc1  1/2-1/2

[Event "Serbian Cup 2011"]
[Site "Valjevo SRB"]
[Date "2011.05.19"]
[Round "4.1"]
[White "Savic,Miod1"]
[Black "Milanovic,Da"]
[Result "1/2-1/2"]
[WhiteElo "2512"]
[BlackElo "2494"]

1.e4 d5 2.exd5 Qxd5 3.Nc3 Qd6 4.d4 Nf6 5.Nf3 c6 6.g3 Bg4 7.Bg2 e6 8.O-O Nbd7
9.Re1 Be7 10.a3 Qc7 11.h3 Bxf3 12.Qxf3 O-O 13.Bf4 Bd6 14.Bxd6 Qxd6 15.Rad1 Rad8
16.Ne2 Qd5 17.Qd3 Qa5 18.b4 Qc7 19.c4 a5 20.Qc3 axb4 21.axb4 Rc8 22.Nf4 Qb8
23.Nd3 b5 24.Ne5 Qb6 25.c5 Qb7 26.Nd3 Ra8 27.Re2 Rfe8 28.Rde1 Qc7 29.Nf4 Nf8
30.Qf3 Ra6 31.Qc3 Rea8 32.Qe3 Rd8 33.Qc3 Ng6 34.Nd3 Ne7 35.Ra1 Nfd5 36.Qb2 Rda8
37.Ree1 Ra4 38.Rxa4 Rxa4 39.Ra1 Qa7 40.Rxa4 Qxa4 41.Bf3 g6 42.Kg2 Kg7 43.h4 h6
44.Kh2 Kg8 45.Kg1 Kg7 46.Kg2 Kg8 47.Kf1 Kg7 48.Ke1 Qa8 49.Kf1 Qa4 50.Kg2 Kg8
51.Kf1 Kg7 52.Ke1 Qa8 53.Bd1 Kg8 54.Kf1 Nf6 55.Kg2 Nfd5 56.Ne5 Nf6 57.Bf3 Nfd5
58.Qd2 Kg7 59.Ng4 h5 60.Ne3 Qa3 61.Nxd5 Nxd5 62.Bxd5 exd5 63.Qe1 Qa8 64.Qe5+ Kg8
65.Qe7 Qc8 66.Kg1 Kg7 67.Qe5+ Kg8 68.Kg2 Qd7 69.f3 Kh7 70.Kf2 Kg8 71.Ke3 Kh7
72.Kf4 Kg8 73.g4 hxg4 74.fxg4 Qd8 75.Kg3 Kh7 76.h5 gxh5 77.gxh5 Qg8+ 78.Kh4 Qc8
79.Kg5 Qg8+ 80.Kh4 Qc8 81.Kg5 Qg8+ 82.Kf4 Kh6 83.Kf3 Kh7 84.Kf4 Kh6 85.Kf3 Kh7
86.Qf5+ Kh6 87.Kf4 Qb8+ 88.Qe5 Qg8  1/2-1/2

[Event "46th Capablanca Memorial Open A"]
[Site "Havana CUB"]
[Date "2011.05.20"]
[Round "9.27"]
[White "Jimenez Fraga,P"]
[Black "Machado,Mi"]
[Result "1/2-1/2"]
[WhiteElo "2473"]
[BlackElo "2309"]

1.e4 d5 2.exd5 Qxd5 3.Nc3 Qd6 4.d4 Nf6 5.Nf3 c6 6.g3 Bg4 7.Bg2 e6 8.O-O Be7
9.Bf4 Qd8 10.h3 Bh5 11.Ne2 Nbd7 12.c4 O-O 13.Qb3 Qb6 14.Be3 Bg6 15.Nf4 Qxb3
16.axb3 Bc2 17.Rfc1 Be4 18.g4 h6 19.Ne2 c5 20.Nc3 Bc6 21.Rd1 cxd4 22.Nxd4 Bxg2
23.Kxg2 a6 24.f4 Nc5 25.b4 Nce4 26.Nxe4 Nxe4 27.Kf3 Nf6 28.b5 Rfc8 29.b3 Bc5
30.bxa6 bxa6 31.Nc2 Bxe3 32.Nxe3 Rab8 33.Rdb1 Rc6 34.b4 Rcb6 35.Nc2 Rd8 36.Rd1 Rxd1
37.Rxd1 Kf8 38.h4 g6 39.g5 hxg5 40.hxg5 Ne8 41.Ra1 Nc7 42.Ke4 Ke7 43.Kd4 Rd6+
44.Kc3 e5 45.b5 axb5 46.fxe5 Rd7  1/2-1/2

[Event "46th Capablanca Memorial Open A"]
[Site "Havana CUB"]
[Date "2011.05.20"]
[Round "9.50"]
[White "Sanchez Comesana,Angelica Maria"]
[Black "Enrique,E"]
[Result "0-1"]
[WhiteElo "2019"]
[BlackElo "2206"]

1.e4 d5 2.exd5 Qxd5 3.Nc3 Qd6 4.d4 Nf6 5.Nf3 a6 6.h3 Bf5 7.Be3 Nc6 8.a3 O-O-O
9.Bd3 Bxd3 10.Qxd3 h6 11.O-O-O e6 12.Rhe1 Kb8 13.g3 Be7 14.Bf4 Qd7 15.Ne5 Nxe5
16.Bxe5 Rhg8 17.Qc4 Rc8 18.d5 Nxd5 19.Nxd5 exd5 20.Rxd5 Qxh3 21.Rd3 Qf5 22.f4 Bd6
23.Rb3 Ka8 24.Kb1 Bxe5 25.Rxe5 Qd7 26.Ra5 c6 27.Rb6 Rc7 28.Rb3 Re8 29.Ka2 Qe6
30.Qc3 f6 31.Qc5 Rd8 32.Qb6 Rcd7 33.f5 Qf7 34.Ra4 Qd5 35.Ra5 Qc4 36.Rc5 Qf7
37.Ra5 Rc7 38.a4 Rcc8 39.Ka3 Qc7 40.Qb4 Rd1 41.Ka2 Rcd8 42.Re3 R1d4 43.Re7 Rxb4
44.Rxc7 Rg4 45.Rc5 Rxg3 46.Rc4 Kb8 47.Rf7 Kc8 48.Re4 Rd7 49.Rf8+ Kc7 50.Rg8 Rg5
51.Rf4 Rd5 52.Kb3 Kd6 53.c4 Rdxf5 54.Rxf5 Rxf5 55.Rxg7 Rf3+ 56.Kc2 b5 57.axb5 axb5
58.cxb5 cxb5 59.Rg4 h5 60.Rh4 Rf5 61.Kd3 Re5 62.Kd4 Ke6 63.Rh1 Kf7 64.Rg1 Rg5
65.Rh1 Kg6 66.Ke4 Rg2 67.b3 Rg3 68.Rb1 Kg5 69.Kd5 b4 70.Kc5 Rg4 71.Rd1 h4
72.Rd5+ f5 73.Rd8 h3 74.Rh8 Rh4 75.Rg8+ Kf4 76.Rg1 h2  0-1

[Event "XXX Zalakaros Open"]
[Site "Zalakaros HUN"]
[Date "2011.05.20"]
[Round "1"]
[White "Babits,A"]
[Black "Galyas,M"]
[Result "0-1"]
[WhiteElo "2161"]
[BlackElo "2454"]

1.e4 d5 2.exd5 Qxd5 3.Nc3 Qd6 4.Bc4 Nf6 5.Nge2 a6 6.a4 Qc6 7.d3 Qxg2 8.Rg1 Qh3
9.Bf4 Qd7 10.Qd2 Nc6 11.Qe3 g6 12.O-O-O Bg7 13.h4 b6 14.d4 Na5 15.Ba2 b5
16.Rg5 Nb7 17.Bb3 Nd6 18.Rc5 Bb7 19.f3 Rc8 20.Ng3 h5 21.Re1 b4 22.Na2 O-O
23.Nxb4 Qh3 24.Rg1 e6 25.Nd3 Nd5 26.Qd2 Qxh4 27.Bxd5 Bxd5 28.Ne5 Nb7 29.Rxd5 exd5
30.Nf5 Qh3 31.Ne7+ Kh7 32.Nxc8 Qxc8 33.Qd3 Qe6 34.Qd2 Nd6 35.b3 Nf5 36.Re1 Re8
37.c3 Qe7 38.b4 Nd6 39.Nd3 Qd7 40.Nc5 Rxe1+ 41.Qxe1 Qf5 42.Bxd6 cxd6 43.Nxa6 Qd3
44.b5 Bh6+ 45.Kb2 Bd2 46.Qb1 Bxc3+ 47.Ka2 Qxb1+ 48.Kxb1 Bxd4 49.a5 h4 50.Kc2 h3
51.Kd3 Bg1  0-1

[Event "XXX Zalakaros Open"]
[Site "Zalakaros HUN"]
[Date "2011.05.20"]
[Round "1"]
[White "Djurovic,G"]
[Black "Medvegyne Balogh,E"]
[Result "1/2-1/2"]
[WhiteElo "2371"]
[BlackElo "2118"]

1.e4 d5 2.exd5 Qxd5 3.Nc3 Qd6 4.d4 Nf6 5.Nf3 c6 6.Ne5 Nbd7 7.Nc4 Qc7 8.Qf3 Nb6
9.Bf4 Qd7 10.O-O-O Qg4 11.Nxb6 axb6 12.d5 Qxf3 13.gxf3 Nxd5 14.Nxd5 cxd5
15.Bb5+ Bd7 16.Bxd7+ Kxd7 17.Rxd5+ Kc6 18.Rhd1 f6 19.b4 e5 20.b5+ Kc7 21.Rd7+ Kb8
22.Be3 Ba3+ 23.Kb1 Ra5 24.c4 Rc8 25.Rd8 Bc5 26.Bxc5 bxc5 27.R8d7 Ra4 28.Rxg7 Rxc4
29.Rdd7 Rb4+ 30.Kc2 Rxb5 31.Rxh7 Rc6 32.Kc3 Ra6 33.Kc4 Rb1 34.Rd2 Ra3 35.h4 Rxf3
36.h5 Rh3 37.h6 Rh4+ 38.Kxc5 Rc1+ 39.Kd5 Rc7 40.Rh8+ Rc8 41.Rxc8+ Kxc8 42.Rd3 Rxh6
43.Ke6 e4 44.Rc3+ Kb8 45.f4  1/2-1/2

[Event "XXX Zalakaros Open"]
[Site "Zalakaros HUN"]
[Date "2011.05.20"]
[Round "1"]
[White "Rigo,Ja"]
[Black "Stifter,Ewald"]
[Result "1-0"]
[WhiteElo "2314"]
[BlackElo "2075"]

1.e4 d5 2.exd5 Qxd5 3.Nc3 Qd6 4.d4 Nf6 5.Bb5+ c6 6.Bc4 Bf5 7.Nge2 e6 8.Bf4 Qd8
9.Ng3 Bg6 10.O-O Bd6 11.Bg5 Be7 12.f4 O-O 13.f5 exf5 14.Nxf5 Nbd7 15.Qd2 Re8
16.Rae1 Bf8 17.Nh4 Rxe1 18.Rxe1 Qc7 19.Nxg6 hxg6 20.Ne4 Re8 21.Qf2 Nd5 22.Bb3 b5
23.c3 Re6 24.a4 a6 25.Qh4 Qc8 26.Nd2 Qe8 27.Rxe6 Qxe6 28.Qe4 Qd6 29.h3 Be7
30.Bxe7 Nxe7 31.Nf3 Nf6 32.Qe5 Qd8 33.Qc5 Nfd5 34.Ne5 Nf5 35.Qa7 Qg5 36.Qb8+ Kh7
37.Qh8+ Kxh8 38.Nxf7+ Kg8 39.Nxg5 Kf8 40.axb5 axb5 41.Nf3 Nf4 42.Ne5 Ne7
43.Kf2 Ke8 44.Kf3 g5 45.h4  1-0

[Event "TCh-UKR Clubs 2011"]
[Site "Alushta UKR"]
[Date "2011.05.21"]
[Round "9.5"]
[White "Smolin,Dmy"]
[Black "Ovcharov,T"]
[Result "1-0"]
[WhiteElo "2097"]
[BlackElo "1973"]

1.e4 d5 2.exd5 Qxd5 3.Nc3 Qd6 4.d4 Nf6 5.Be2 c6 6.Nf3 Bg4 7.O-O e6 8.Ne5 Bxe2
9.Nxe2 Be7 10.Bf4 Qd8 11.c4 Nbd7 12.Qc2 O-O 13.Rfd1 Qb6 14.b4 a5 15.b5 cxb5
16.Rab1 Rac8 17.Nxd7 Nxd7 18.c5 e5 19.Qb2 Qc6 20.Be3 exd4 21.Nxd4 Qf6 22.Qxb5 Nxc5
23.Nf3 Ne6 24.Qxb7 Rc7 25.Qb5 Bb4 26.h3 Nf4 27.Ne5 Ne2+ 28.Qxe2 Qxe5 29.Qg4 f5
30.Qf3 Rc2 31.Rd7 Bc3 32.Bd4 Bxd4 33.Qb3+ Kh8 34.Qxc2 f4 35.Qd3 Bc3 36.Rd8 Bb4
37.Rxf8+ Bxf8 38.Qd8 Kg8 39.Rb8 Qc5 40.Ra8 Kf7 41.Rxa5 Be7 42.Rxc5 Bxd8 43.Rf5+  1-0

[Event "Trophee Roza Lallemand"]
[Site "Chalons en Champagne FRA"]
[Date "2011.05.21"]
[Round "5.5"]
[White "Neuhauser,S"]
[Black "Dacalor,A"]
[Result "1-0"]
[WhiteElo "2073"]
[BlackElo "1935"]

1.e4 d5 2.exd5 Qxd5 3.Nc3 Qd6 4.d4 Nf6 5.Nf3 a6 6.Bc4 Bg4 7.Be3 Nc6 8.h3 Bh5
9.g4 Bg6 10.Qd2 Ne4 11.Nxe4 Bxe4 12.Be2 e6 13.Rg1 Nb4 14.Kf1 Nxc2 15.Bf4 Qd8
16.Rc1 Bb4 17.Qd1 Bxf3 18.Bxf3 Qxd4 19.Qxd4 Nxd4 20.Bxb7 Rb8 21.Rxc7 Nb5
22.Bc6+ Kf8 23.Bxb5 axb5 24.a3 Ba5 25.Ra7 Rd8 26.Rxa5 b4 27.axb4 Ke7 28.Ra7+ Kf6
29.Ke2 g5 30.Bd2 Rd5 31.Bc3+ e5 32.Rd1 Rhd8 33.Rxd5 Rxd5 34.Ra5 Rd7 35.Rxe5 Kg6
36.Rf5 Rd6 37.b5 h5 38.Rc5 Kh7 39.Rxg5 hxg4 40.hxg4 Kh6 41.Rf5 Rd7 42.f4 Rb7
43.Rh5+ Kg6 44.f5+  1-0

[Event "20th Croatian Cup"]
[Site "Sibenik CRO"]
[Date "2011.05.21"]
[Round "5.104"]
[White "Cabrajac,Z"]
[Black "Florjan,M"]
[Result "0-1"]
[WhiteElo "2087"]
[BlackElo "2011"]

1.e4 d5 2.exd5 Qxd5 3.Nc3 Qd6 4.d4 Nf6 5.Nf3 a6 6.h3 Bf5 7.Bd3 Bxd3 8.Qxd3 Nc6
9.Be3 Nb4 10.Qe2 Nbd5 11.Nxd5 Nxd5 12.O-O-O g6 13.Bd2 Bg7 14.Ne5 c5 15.Nc4 Qf6
16.dxc5 b5 17.cxb6 Nxb6 18.Qe4 O-O 19.Bc3 Qg5+ 20.f4 Qb5 21.Bxg7 Nxc4 22.Bc3 Rab8
23.Rd5 Qc6 24.Qd4 f6 25.Re1 Nd6 26.g4 Nb5 27.Qc5 Qxc5 28.Rxc5 Nxc3 29.Rxc3 Rb4
30.Rxe7 Rxf4 31.b3 Rf7 32.Re6 a5 33.a4 h5 34.gxh5 g5 35.Rec6 Rh4 36.R3c5 Rxh5
37.Rxa5 f5 38.Raa6 f4 39.Rf6 Kg7 40.h4 g4 41.Rg6+ Kh7 42.Rxg4  0-1

[Event "ch-UZB Major w"]
[Site "Tashkent UZB"]
[Date "2011.05.21"]
[Round "1"]
[White "Ibragimova,I UZB"]
[Black "Muminova,N"]
[Result "0-1"]
[WhiteElo "1864"]
[BlackElo "2346"]

1.e4 d5 2.exd5 Qxd5 3.Nc3 Qd6 4.Nf3 Nf6 5.d4 c6 6.Ne5 Nbd7 7.Nc4 Qc7 8.Qf3 Nb6
9.Bf4 Qd7 10.O-O-O Qg4 11.Qxg4 Bxg4 12.f3 Be6 13.Na5 Nfd5 14.Nxd5 Nxd5 15.Bd2 O-O-O
16.c4 Nf6 17.Be3 Kb8 18.Bf4+ Ka8 19.Be2 g6 20.Be5 Bh6+ 21.Kb1 Rd7 22.Nb3 b6
23.Bg3 Nh5 24.f4 Bf5+ 25.Ka1 Kb7 26.Bxh5 gxh5 27.Rhe1 e6 28.Nc1 Rg8 29.Ne2 h4
30.Bxh4 Rxg2 31.Bg3 Bg7 32.d5 cxd5 33.Nd4 Bg4 34.cxd5 Bxd1 35.dxe6 fxe6 36.Nxe6 Bxb2+  0-1

[Event "Serbian Cup 2011"]
[Site "Valjevo SRB"]
[Date "2011.05.21"]
[Round "6.2"]
[White "Roganovic,Milo"]
[Black "Milanovic,Da"]
[Result "0-1"]
[WhiteElo "2476"]
[BlackElo "2494"]

1.e4 d5 2.exd5 Qxd5 3.Nc3 Qd6 4.d4 Nf6 5.Nf3 g6 6.g3 Bg7 7.Bg2 Qa6 8.Bf4 c6
9.Qd2 O-O 10.h4 Bf5 11.h5 gxh5 12.Bh6 Bxh6 13.Qxh6 Bg6 14.O-O-O b5 15.a3 b4
16.axb4 Qa1+ 17.Nb1 a5 18.Nd2 Qa4 19.Nb3 Qxb4 20.Rhe1 Na6 21.Qd2 Qd6 22.Qf4 Qxf4+
23.gxf4 Nb4 24.Na3 e6 25.Nc5 Rfb8 26.Rd2 Nfd5 27.Nd7 Rb7 28.Ne5 Nxf4 29.Bxc6 Nxc6
30.Nxc6 Rc7 31.Ne5 Rac8 32.b3 Rb8 33.Kb2 a4 34.Re3 Nd5 35.Rg3 h4 36.Rh3 Bf5
37.Rxh4 axb3 38.c4 Nb6 39.Nb5 Nxc4+ 40.Nxc4 Rxc4 41.Na3 Rc2+  0-1

[Event "Trophee Roza Lallemand"]
[Site "Chalons en Champagne FRA"]
[Date "2011.05.22"]
[Round "9.7"]
[White "De Seroux,C"]
[Black "Dacalor,A"]
[Result "1-0"]
[WhiteElo "2086"]
[BlackElo "1935"]

1.e4 d5 2.exd5 Qxd5 3.Nc3 Qd6 4.d4 Nf6 5.Bd3 Nc6 6.Nge2 Bg4 7.f3 Bh5 8.Bf4 Qd7
9.Qd2 e6 10.O-O-O Bd6 11.Rhe1 O-O-O 12.Bg5 h6 13.Bh4 g5 14.Bg3 Bxg3 15.hxg3 Nxd4
16.g4 Nxe2+ 17.Qxe2 Qe7 18.gxh5 Nxh5 19.Bc4 Qc5 20.Ne4 Qa5 21.g3 Rhe8 22.Rh1 Rxd1+
23.Qxd1 Rd8 24.Qe2 Ng7 25.Rxh6 Nf5 26.Rh1 Nd4 27.Qe3 Qc5 28.Nxc5  1-0

[Event "20th Croatian Cup"]
[Site "Sibenik CRO"]
[Date "2011.05.22"]
[Round "6.73"]
[White "Vidovic,M"]
[Black "Florjan,M"]
[Result "1-0"]
[WhiteElo "2224"]
[BlackElo "2011"]

1.e4 d5 2.exd5 Qxd5 3.Nc3 Qd6 4.d4 Nf6 5.Nf3 a6 6.g3 b5 7.Bg2 Bb7 8.Bf4 Qb6
9.O-O e6 10.a4 Nd5 11.a5 Qa7 12.Nxd5 Bxd5 13.b3 b4 14.Ne5 Bxg2 15.Kxg2 Qb7+
16.Qf3 Qxf3+ 17.Kxf3 Bd6 18.Rfd1 f6 19.Nd3 Nc6 20.Bxd6 cxd6 21.d5 Ne5+ 22.Nxe5 fxe5
23.dxe6 Ke7 24.Ke4 Kxe6 25.f4 exf4 26.gxf4 Rac8 27.Ra4 Rxc2 28.Rxb4 Rhc8
29.Rb6 R8c6 30.f5+ Ke7 31.Rd4 R2c3 32.Rxc6 Rxc6 33.Rc4 Kd7 34.Kd5 Rxc4 35.bxc4 g5
36.fxg6 hxg6 37.c5 dxc5 38.Kxc5 Ke7 39.Kd5 Kd7 40.h4 Ke7 41.Kc6 Ke6 42.Kb6 Kd6
43.Kxa6 Kc6 44.Ka7 Kc7 45.a6 Kc8 46.Kb6 Kb8 47.Kc6 Ka7 48.Kd6 Kxa6  1-0